000 00220nam a2200109Ia 4500
100 _aKumbhojkar G.V
942 _cBK
245 _aCompanion to Applied mathematics I
260 _b#N/A
546 _aENGLISH
999 _c32849
_d32849